Obálka Náhled e-knihy:
PDF Epub
Pro půjčování e-knih musíte být přihlášeni.
Jak si půjčit online?

Tristan: Pokřtěni válkou /

Tristan konečně složil první část mozaiky. Ví, kdo stojí za smrtí jeho rodiny i kdo z něj učinil upíra. Aby měl ale aspoň nějakou šanci se Marcusovu klanu postavit, musí získat spojence. Jenže jak poznat, kdo ještě nepadl do spárů království Orient, jehož vliv se šíří rychleji než nákaza? Zatímco Va...

Celý popis

Uloženo v:
Série:Tristan, část 2
Hlavní autor: Dittrich, Jiří (Autor)
Médium: E-kniha
Jazyk:Czech
Vydáno: Praha : Epocha, 2026
Příbuzné jednotky:Z cyklu:: Tristan
Tagy:
Žádné tagy
LEADER 02067nam a22002417i 4500
001 297575
007 ta
008 260414s2026 xr ||||| |||| 00| 0 cze d
020 |a 9788027802753 
044 |a xr 
100 1 |a  Dittrich, Jiří  |4 aut 
245 1 0 |a Tristan: Pokřtěni válkou /  |c  Dittrich, Jiří 
264 1 |a Praha :  |b Epocha,  |c 2026 
300 |a 1 online zdroj (528 stran) 
336 |a text  |b txt  |2 rdacontent 
337 |a bez média  |b n  |2 rdamedia 
338 |a online zdroj  |b cr  |2 rdacarrier 
520 2 |a Tristan konečně složil první část mozaiky. Ví, kdo stojí za smrtí jeho rodiny i kdo z něj učinil upíra. Aby měl ale aspoň nějakou šanci se Marcusovu klanu postavit, musí získat spojence. Jenže jak poznat, kdo ještě nepadl do spárů království Orient, jehož vliv se šíří rychleji než nákaza? Zatímco Vanda žádá o pomoc své kontakty napříč kontinentem, Tristan musí zesílit a naučit se plně ovládat své schopnosti dřív, než bude pozdě. Alechandra a Akir mezitím hledají nové útočiště, protože Ferdinand a jeho lidé jim jsou neustále v patách a touží po Alechandřině hlavě. Království Cidentalis je vlivem rostoucí moci Marcusovy rodiny donuceno k riskantním krokům. Aby odhalily skutečné záměry východního království, musejí Kristeen s Olivií proniknout do myslí nepřátelských čarodějů. Pravda, kterou objeví, ovlivní osud celého kontinentu. Druhý díl temné fantasy ságy přináší politické intriky, válku a hrdiny, kteří musí riskovat vše — i sami sebe. 
787 0 8 |g 2  |i Z cyklu:  |t Tristan 
910 |a RBIT002 
998 |d 426185  |a https://core.palmknihy.cz/api/books/426185/cover?tdfk1r  |b https://core.palmknihy.cz/api/books/426185/cover/400?tdfk1r  |c https://core.palmknihy.cz/api/books/426185/cover/50?tdfk1r  |e 2031-04-13  |g 528  |i 9788027802753  |j https://core.palmknihy.cz/api/books/426185/preview.epub  |k https://core.palmknihy.cz/api/books/426185/preview.pdf  |l   |q 49  |r 1  |s https://www.palmknihy.cz/kniha/426185  |t ebook  |y 2026  |z 1  |v Tristan  |w 2 
999 |d 297573